Jeannot Lapin /

Furkejuvvon:
Bibliográfalaš dieđut
Váldodahkki: Potter, Beatrix (autor)
Materiálatiipa: Girji
Giella:fránskkagiella
Ráidu:(The Peter Rabbit Books ; 2)
Fáttát:
Fáddágilkorat: Lasit fáddágilkoriid
Eai fáddágilkorat, Lasit vuosttaš fáddágilkora!

MARC

LEADER 00000nam^a2200000^a^4500
001 000391458
005 20250526000000.0
009 20260310121215.676
037 |a Acervo ITESO - Biblioteca 
041 |a FRA 
082 |a 808. 899282  |b POT 
100 |a Potter, Beatrix  |e (autor) 
245 1 0 |a Jeannot Lapin /  |c B. Potter ; tr. por Victorine Ballon, Julienne Profichet. 
264 |a Londres, Inglaterra :  |b Frederick Warne,  |c copyright fecha no identificada 
300 |a 58 p. ;  |c 14.5 cm. 
336 |a texto  |b txt  |2 rdacontenido 
337 |a sin mediación  |b n  |2 rdamedio 
338 |a volumen  |b nc  |2 rdasoporte 
440 5 |a (The Peter Rabbit Books ;  |v 2) 
500 |a Traducción de: The Tale of Benjamin Bunny 
649 |a XX 
650 |a Conejos en la Literatura 
650 |a Cuentos Infantiles -  |z Inglaterra 
650 |a Cuentos Ingleses 
650 |a Literatura Infantil -  |z Inglaterra 
650 |a Literatura Inglesa -  |y Siglo XX 
650 |a Literatura de Mujeres -  |z Inglaterra 
910 |a Fondo General 
920 |a Impresos - Libros 
930 |a Libros Antiguos y Raros 
940 |a Literatura 
905 |a 108 
901 |a 0500286065  |b IT2  |c LRA  |u 20250526 
902 |a https://opac.biblio.iteso.mx/vufind/Record/000391458